Lappeenranta-visa - Statistics

Yleistilastot
  • Tätä visaa on pelattu 164 kertaa
  • Keskiarvotulos 20 / 30
Vastaustilastot
Vihje Vastaus % Oikein
Maakunta, jossa Lappeenranta sijaitsee Etelä-Karjala
96%
Pelaa jääkiekon SM-liigassa SaiPa
93%
Lyhenne LPR
91%
Lappeenranta ruotsiksi Villmanstrand
87%
Lappeenrannan yliopisto LUT-yliopisto
86%
Lihapiirakka, joka sisältää joko keitto- tai savukinkkua tai kananmunaa Atomi
85%
Lihapiirakka, joka sisältää keitto- tai savukinkkua ja kananmunaa Vety
85%
Lappeenrannan naapurikunnat Imatra
82%
Lappeenrannan suurin kauppakeskus IsoKristiina
77%
Lappeenrannan vaakunassa oleva hahmo Nuijamies
77%
Lappeenrannan naapurikunnat Lemi
74%
Kaupunkibussien väri Pinkki
74%
Lappeenrannan naapurikunnat Luumäki
70%
Lappeenrannan naapurikunnat Taipalsaari
70%
Joukkueen kotihalli Kisapuiston jäähalli
69%
Satamaan kesäisin rakennettava nähtävyys Hiekkalinna
68%
Kuntaliitokset 2009 Joutseno
68%
Lappeenrannan joukkoliikenteen nimi Jouko
67%
Lappeenrannassa ilmestyvä maakuntalehti Etelä-Saimaa
61%
Lappeenrannassa kuvattu rikossarja Sorjonen
61%
Lappeenrannan seudun opiskelija-asuntosäätiö LOAS
60%
Lappeenrannan naapurikunnat Ruokolahti
51%
Kuntaliitokset 1967 Lauritsala
50%
Lappeenrannasta lähtöisin oleva rock- ja metalliyhtye Kotiteollisuus
48%
Kuntaliitokset 1967 Lappee
48%
Kuntaliitokset 1989 Nuijamaa
47%
Kuntaliitokset 2010 Ylämaa
43%
Sotilas, joka taisteli jalan, mutta liikkui ratsastaen Rakuuna
37%
Lappeenrannan naapurikunnat Miehikkälä
36%
Laila Hirvisaaren seitsenosaisen romaanisarjan ja sen ensimmäisen romaanin nimi {Lehmusten} kaupunki
23%
Ehtoja vastaavia visoja ei löytynyt
Tulosjakauma
Jokaisen tuloksen saaneiden osuus
Persentiili vastausten määrän mukaan
Tuloshistoriasi
Et ole pelannut tätä visaa